| 000 | 00708nam a2200229 a 4500 | ||
|---|---|---|---|
| 005 | 20241009063725.0 | ||
| 008 | 140821s2010 mx r 000 0 spa d | ||
| 020 | _a9786078126002 (Colofón) | ||
| 020 | _a9786074695144 (SEP) | ||
| 035 | _aUPN01000199038 | ||
| 049 | _aI | ||
| 050 | 4 |
_aPN6054 _bV4.4 |
|
| 245 | 0 | 0 |
_a25 cuentos populares de miedo / _ced. Ana Cristina Herreros ; il. Jesús Gabán. |
| 260 |
_aMéxico : _bSEP : _bColofón, _c2010. |
||
| 300 |
_a173 p. : _bil. col. |
||
| 440 | 0 |
_aLibros del rincón. _pAstrolabio |
|
| 650 | 4 |
_aCuentos _vColecciones _919436 |
|
| 650 | 4 |
_aANTOLOGIAS LITERARIAS _94762 |
|
| 700 | 1 |
_aHerreros, Ana Cristina, _eed. |
|
| 905 | _aInfantil | ||
| 999 |
_c171139 _d171139 |
||